000 00355nam a2200169Ia 4500
008 230606s2007 xx 000 0 und d
041 _aeng
100 _aSudhesh
245 _aDevelopment of generic skill
250 _a1st
260 _bA
_c2007
300 _a174p
500 _a2283
520 _aGeneral
520 _aXerox
650 _aG.SKILL
999 _c421298
_d421298